El ministerio de la homilía

Salvato in:
Dettagli Bibliografici
Autore principale: Aldazábal Larrañaga, José (Autore)
Natura: Libro
Lingua:spagnolo
Pubblicazione: Barcelona Centre de Pastoral Litúrgica 2006
Edizione:1a. ed
Serie:Biblioteca Litúrgica, 26
Soggetti:
Tags: Aggiungi Tag
Nessun Tag, puoi essere il primo ad aggiungerne!!

MARC

LEADER 00000cam a2200000 a 4500
001 UCE8788
003 CL-VaPUC
008 150904e20060000sp |||||||||||||||||spa|d
020 |a 8498050936 
082 0 4 |a 251  |b ALD  |2 21 
100 0 |a Aldazábal Larrañaga, José  |e author  |9 581511 
245 1 3 |a El ministerio de la homilía 
250 |a 1a. ed 
300 |a 239 p 
942 |c BK 
945 |d 20150904 11:50:00  |a dcastane 
260 |a Barcelona  |b Centre de Pastoral Litúrgica  |c 2006 
650 0 |a Homilías  |9 366132 
650 0 |a Homilética  |9 478090 
650 0 |a Textos sagrados   |9 257605 
583 |a last modification  |c 20150904 11:50:00  |k Rodrigo Vera 
490 0 |a Biblioteca Litúrgica, 26 
999 |c 360562  |d 360560 
952 |0 0  |1 0  |3 erb  |4 0  |6 251_000000000000000_ALD_2006  |7 0  |8 A  |9 470430  |a BIBTEO  |b BIBTEO  |i 5196345  |o 251 ALD 2006  |p 5196345  |r 2025-01-17  |w 2019-11-23  |y BK  |z Catalogado en:20150904  |k ICR